Filmographie Brad Pitt - Statistiques

Statistiques générales
  • Ce quiz a été pris 513 fois
  • Le résultat moyen est 15 sur 52
Statistiques - réponses
Année Films % Correct
1999 Fight Club
86%
2019 Once Upon a Time in Hollywood
79%
1995 Seven
78%
2001 Ocean's Eleven
65%
2004 Ocean's Twelve
61%
2022 Bullet Train
60%
2007 Ocean's Thirteen
57%
2004 Troie
54%
2009 Inglourious Basterds
51%
2005 Mr. et Mrs. Smith
49%
1991 Thelma et Louise
49%
2023 Babylon
47%
2008 L'Étrange Histoire de Benjamin Button
47%
2012 World War Z
47%
2014 Fury
46%
1998 Rencontre avec Joe Black
46%
2000 Snatch
42%
1994 Entretien avec un vampire
41%
2019 Ad Astra
33%
1997 Sept ans au Tibet
33%
1994 Légendes d'automne
32%
1992 Et au milieu coule une rivière
28%
1995 L'Armée des douze singes
27%
2011 Le Stratège
27%
2018 Deadpool 2
25%
2008 Burn After Reading
23%
2013 Twelve Years a Slave
23%
2006 Babel
22%
2015 The Big Short
22%
2011 The Tree of Life
21%
2016 Alliés
19%
2001 Le Mexicain
19%
2001 Spy Game
19%
1996 Sleepers
16%
2013 Cartel
13%
2007 L'Assassinat de Jesse James par le lâche Robert Ford
13%
1993 True Romance
13%
1997 Ennemis rapprochés
12%
2017 War Machine
12%
1993 Kalifornia
11%
2022 Le Secret de la cité perdue
10%
1992 Cool World
8%
2015 Vue sur mer
8%
2010 Megamind
7%
2011 Happy Feet 2
4%
1991 Johnny Suede
4%
2002 Confessions d'un homme dangereux
3%
2002 Full Frontal
3%
1991 Rebelles
3%
2003 Sinbad : La Légende des sept mers
3%
1994 The Favor
3%
2012 Cogan : La Mort en douce
1%
Aucun quiz correspondant
Distribution des résultats
% des personnes avec chaque résultat
Percentile par nombre de réponses
Votre historique - résultats
Vous n’avez pas pris ce quiz